00000000nam##2200000za#4500
0019.571635
003CaOODSP
00520211126112844
007cr |||||||||||
008150406|1995||||xxc|||||o    f|0| 0 eng|d
022 |a1701-9397
040 |aCaOODSP|beng
043 |an-cn---
0861 |aFB3-2/95-4E-PDF
1102 |aBank of Canada.
24510|aGovernment debt and deficits in Canada : |h[electronic resource]|ba macro simulation analysis / |cby Tiff Macklem, David Rose and Robert Tetlow.
260 |aOttawa - Ontario : |bBank of Canada |cMay 1995.
300 |a61p.|bgraphs, references, tables
4901 |aBank of Canada working paper|x1701-9397|v95-4
500 |aThe ISBN (0-662-23496-0) and ISSN (1192-5434) for the print edition have been incorrectly copied in this electronic publication.
546 |aRésumé en français.
590 |a11-19-Supp|b2011-09-23
69007|aDebt|2gcpds
69007|aPublic accounts|2gcpds
7201 |aMacklem, Tiff
7201 |aRose, David E.
7201 |aTetlow, Robert
7760#|tGovernment debt and deficits in Canada : |w(CaOODSP)9.612259
830#0|aWorking paper (Bank of Canada)|x1701-9397|v95-4|w(CaOODSP)9.504604
85640|ahttp://publications.gc.ca|qPDF|s200 KB|uhttps://publications.gc.ca/collections/Collection/FB3-2-95-4E.pdf|y95-4